[Event "Stein am Rhein op 11th"]
[Site "Stein am Rhein"]
[Date "2020.02.08"]
[Round "3"]
[White "Cerusico, Carlo"]
[Black "Ulmer, Robert Andrew"]
[Result "1/2-1/2"]
[WhiteElo "1141"]
[BlackElo "1541"]
[PlyCount "64"]
[EventDate "2020.02.07"]
[EventType "swiss"]
[EventRounds "5"]
[EventCountry "SUI"]
[SourceTitle "CBM 195 Extra"]
[Source "ChessBase"]
[SourceDate "2020.05.31"]
[SourceVersion "1"]
[SourceVersionDate "2020.05.31"]
[SourceQuality "1"]

1. d4 d5 2. Bf4 c6 3. e3 Nf6 4. Nf3 Bg4 5. Nbd2 h6 6. h3 Bf5 7. Ne5 e6 8. c3 Be7 9. Be2 0-0 10. 0-0 Nbd7 11. f3 Nh5 12. Bh2 Nhf6 13. g4 Bh7 14. Bg3 Nxe5 15. Bxe5 Nd7 16. Bg3 Bh4 17. Qe1 Bxg3 18. Qxg3 Qe7 19. f4 Rae8 20. Nf3 Nf6 21. Nd2 Ne4 22. Nxe4 Bxe4 23. Kf2 f5 24. Rg1 g5 25. Bf3 Bxf3 26. Qxf3 fxg4 27. Rxg4 Kh7 28. Rag1 Rf7 29. Qd1 gxf4 30. Qd3+ Kh8 31. exf4 Rf5 32. Qg3 Qh7 1/2-1/2

[Event "Arco op-B 39th"]
[Site "Arco"]
[Date "2017.10.15"]
[Round "8"]
[White "Cerusico, Carlo"]
[Black "Bodrogi, Lili"]
[Result "0-1"]
[WhiteElo "1264"]
[BlackElo "1052"]
[PlyCount "44"]
[EventDate "2017.10.08"]
[EventType "swiss"]
[EventRounds "8"]
[EventCountry "ITA"]
[SourceTitle "CBM 181 Extra"]
[Source "ChessBase"]
[SourceDate "2017.12.12"]
[SourceVersion "1"]
[SourceVersionDate "2017.12.12"]
[SourceQuality "1"]

1. d4 d5 2. Nf3 Nc6 3. e3 Nf6 4. Nbd2 Bf5 5. a3 e6 6. c3 Bd6 7. Be2 0-0 8. 0-0 Ne7 9. Re1 Ng6 10. Nf1 h5 11. h4 Ng4 12. Ng3 Nxh4 13. Nxf5 exf5 14. Ne5 Nxe5 15. dxe5 Qg5 16. g3 Be7 17. e4 Qg6 18. Bxh5 Qb6 19. b4 dxe4 20. Be3 Qe6 21. Bf4 Rad8 22. Qc2 g6 0-1

[Event "Arco op-B 39th"]
[Site "Arco"]
[Date "2017.10.11"]
[Round "4"]
[White "Marzano, Giovanni"]
[Black "Cerusico, Carlo"]
[Result "1-0"]
[WhiteElo "1495"]
[BlackElo "1264"]
[PlyCount "111"]
[EventDate "2017.10.08"]
[EventType "swiss"]
[EventRounds "8"]
[EventCountry "ITA"]
[SourceTitle "CBM 181 Extra"]
[Source "ChessBase"]
[SourceDate "2017.12.12"]
[SourceVersion "1"]
[SourceVersionDate "2017.12.12"]
[SourceQuality "1"]

1. d4 g6 2. c4 Bg7 3. Nc3 e6 4. e4 d6 5. Nf3 Ne7 6. Be3 b6 7. Qd2 h6 8. Be2 Bb7 9. 0-0 Nd7 10. Rac1 Rc8 11. d5 e5 12. Nb5 Ra8 13. a4 a6 14. Nc3 Nc5 15. Bd1 f5 16. Qc2 f4 17. Bxc5 bxc5 18. Ne1 Bc8 19. f3 Bd7 20. Nd3 0-0 21. b4 cxb4 22. Nxb4 c6 23. dxc6 Qb6+ 24. Kh1 Bxc6 25. Nxc6 Qxc6 26. Be2 Rfb8 27. Qa2 Kh7 28. Rfd1 Bf8 29. Nd5 Nxd5 30. cxd5 Qd7 31. Rc6 Rc8 32. Rxa6 Rxa6 33. Bxa6 Rc7 34. Bb5 Qc8 35. Bc6 Be7 36. a5 Bd8 37. a6 Ra7 38. Bb7 Qc7 39. Qa4 Qxb7 40. Ra1 Qc7 41. g3 Qe7 42. Rb1 Qc7 43. Qb5 Qc8 44. Ra1 Be7 45. Qb6 Ra8 46. a7 Bd8 47. Qxd6 Qc7 48. Qa6 Qb6 49. Qa4 Qd6 50. Rc1 Qe7 51. Rc6 Rxa7 52. Qb5 Ra1+ 53. Kg2 Ra5 54. Qb2 Bc7 55. Qb7 Rc5 56. Re6 1-0

[Event "Arco op-B 39th"]
[Site "Arco"]
[Date "2017.10.09"]
[Round "2"]
[White "Cerusico, Carlo"]
[Black "Buri, Kata"]
[Result "0-1"]
[WhiteElo "1264"]
[BlackElo "1472"]
[PlyCount "100"]
[EventDate "2017.10.08"]
[EventType "swiss"]
[EventRounds "8"]
[EventCountry "ITA"]
[SourceTitle "CBM 181 Extra"]
[Source "ChessBase"]
[SourceDate "2017.12.12"]
[SourceVersion "1"]
[SourceVersionDate "2017.12.12"]
[SourceQuality "1"]

1. d4 d5 2. Nf3 Bf5 3. e3 e6 4. a3 c5 5. c4 Nf6 6. Nbd2 Nc6 7. Be2 Bd6 8. b3 Qc7 9. Bb2 cxd4 10. exd4 0-0 11. 0-0 Ng4 12. g3 h5 13. Nh4 Nf6 14. Bxh5 g6 15. Be2 Kg7 16. Nxf5+ exf5 17. Nf3 dxc4 18. bxc4 Ne4 19. Ne5 f6 20. c5 Be7 21. Nxc6 bxc6 22. f4 Rad8 23. Qc2 Bxc5 24. Rad1 Bb6 25. Bf3 Rfe8 26. Bxe4 Rxe4 27. Kh1 Bxd4 28. Bxd4 Rexd4 29. Rxd4 Rxd4 30. Rd1 Qd6 31. Rxd4 Qxd4 32. Qg2 Qd1+ 33. Qg1 Qf3+ 34. Qg2 Qxg2+ 35. Kxg2 Kf7 36. Kf3 Ke6 37. Ke3 Kd5 38. Kd3 g5 39. h3 c5 40. a4 a5 41. h4 gxh4 42. gxh4 c4+ 43. Kc3 Ke4 44. Kxc4 Kxf4 45. Kb5 Kg4 46. h5 Kxh5 47. Kc4 Kg4 48. Kd3 f4 49. Ke2 Kg3 50. Kf1 Kf3 0-1

[Event "Bad Woerishofen op 28th"]
[Site "Bad Woerishofen"]
[Date "2012.03.10"]
[Round "9"]
[White "Cerusico, Carlo"]
[Black "Fischer, Peter2222"]
[Result "1/2-1/2"]
[WhiteElo "1395"]
[BlackElo "1875"]
[PlyCount "24"]
[EventDate "2012.03.02"]
[EventType "swiss"]
[EventRounds "9"]
[EventCountry "GER"]
[SourceTitle "EXT 2019"]
[Source "ChessBase"]
[SourceDate "2018.10.10"]
[SourceVersion "1"]
[SourceVersionDate "2018.10.10"]
[SourceQuality "1"]

1. g3 e6 2. Bg2 d5 3. d3 Nf6 4. a3 c5 5. e3 Nc6 6. b3 Bd6 7. Nf3 Be5 8. c3 0-0 9. Bb2 Rb8 10. Nbd2 Bd7 11. h3 a6 12. e4 Bd6 1/2-1/2

[Event "Bad Woerishofen op 28th"]
[Site "Bad Woerishofen"]
[Date "2012.03.03"]
[Round "2"]
[White "Cerusico, Carlo"]
[Black "Mueller, Wolfgang2222"]
[Result "0-1"]
[WhiteElo "1395"]
[BlackElo "1933"]
[PlyCount "63"]
[EventDate "2012.03.02"]
[EventType "swiss"]
[EventRounds "9"]
[EventCountry "GER"]
[SourceTitle "EXT 2019"]
[Source "ChessBase"]
[SourceDate "2018.10.10"]
[SourceVersion "1"]
[SourceVersionDate "2018.10.10"]
[SourceQuality "1"]

1. g3 d5 2. Bg2 e5 3. e3 Nf6 4. h3 Bd6 5. Ne2 0-0 6. 0-0 c6 7. d3 Re8 8. a3 Nbd7 9. b3 Nf8 10. Bb2 Bd7 11. Nd2 Qc8 12. Kh2 h6 13. Rc1 N8h7 14. f4 exf4 15. exf4 Qd8 16. b4 a5 17. c3 Bf5 18. Nf3 Re3 19. Ne1 Qe7 20. Rc2 Re8 21. Rf2 Qc7 22. Bc1 R3e7 23. Bf3 Nf8 24. Rb2 axb4 25. axb4 Qb6 26. d4 Qa6 27. Kg2 N8d7 28. Qb3 Ra8 29. Kh2 Nb6 30. Bg2 Nc4 31. Rb1 Bxb1 32. Qxb1 0-1

[Event "Wch Seniors 19th"]
[Site "Condino"]
[Date "2009.11.06"]
[Round "10"]
[White "Battaglia, Emanuele"]
[Black "Cerusico, Carlo"]
[Result "1/2-1/2"]
[WhiteElo "1580"]
[BlackElo "1431"]
[PlyCount "63"]
[EventDate "2009.10.27"]
[EventType "swiss"]
[EventRounds "11"]
[EventCountry "ITA"]
[SourceTitle "EXT 2010"]
[Source "ChessBase"]
[SourceDate "2010.11.25"]
[SourceVersion "1"]
[SourceVersionDate "2010.11.25"]
[SourceQuality "1"]

1. d4 h6 2. c4 b6 3. Nc3 Bb7 4. e3 e6 5. Nf3 a6 6. Be2 d6 7. 0-0 g6 8. b3 Bg7 9. Bb2 Nd7 10. Qd2 Ne7 11. Ne1 h5 12. Bf3 d5 13. cxd5 Nxd5 14. Nxd5 exd5 15. Nd3 Nf6 16. Rac1 Qd6 17. Qb4 Bf8 18. Qxd6 Bxd6 19. Bc3 a5 20. Rfe1 0-0 21. Ba1 Ba6 22. Red1 Rac8 23. Rc2 c6 24. Ne1 Rc7 25. Be2 Bxe2 26. Rxe2 Rfc8 27. Rc2 c5 28. dxc5 Be7 29. c6 Rxc6 30. Rdc1 Rxc2 31. Rxc2 Rxc2 32. Nxc2 1/2-1/2

[Event "ITA-ch Seniors 31st"]
[Site "Arvier"]
[Date "2009.04.30"]
[Round "7"]
[White "Di Cicco, Daniela"]
[Black "Cerusico, Carlo"]
[Result "1-0"]
[WhiteElo "1589"]
[BlackElo "1436"]
[PlyCount "101"]
[EventDate "2009.04.24"]
[EventType "swiss"]
[EventRounds "9"]
[EventCountry "ITA"]
[SourceTitle "EXT 2011"]
[Source "ChessBase"]
[SourceDate "2010.11.26"]
[SourceVersion "1"]
[SourceVersionDate "2010.11.26"]
[SourceQuality "1"]

1. d4 Nf6 2. Nf3 g6 3. h3 Bg7 4. Bf4 0-0 5. e3 b6 6. Nbd2 Bb7 7. Bd3 d5 8. c3 Nbd7 9. Qc2 Re8 10. 0-0 a5 11. Rfe1 Ba6 12. e4 Bxd3 13. Qxd3 c5 14. e5 Nh5 15. Bh2 Bh6 16. Nf1 Nf4 17. Bxf4 Bxf4 18. Re2 e6 19. Rae1 f6 20. exf6 Nxf6 21. Rxe6 Ne4 22. Rxe8+ Qxe8 23. N1d2 Bxd2 24. Nxd2 Qf8 25. Nxe4 dxe4 26. Rxe4 Qf5 27. Re8+ Rxe8 28. Qxf5 Rf8 29. Qxf8+ Kxf8 30. dxc5 bxc5 31. Kf1 h6 32. Ke2 Ke7 33. Ke3 Ke6 34. Ke4 g5 35. g4 a4 36. c4 Kd6 37. b3 axb3 38. axb3 Ke6 39. f4 gxf4 40. Kxf4 Kf6 41. h4 Kg6 42. h5+ Kg7 43. g5 hxg5+ 44. Kxg5 Kf7 45. Kf5 Ke7 46. Ke5 Kd7 47. Kd5 Ke7 48. h6 Kf7 49. h7 Kg7 50. h8Q+ Kxh8 51. Kxc5 1-0

[Event "ITA-ch Seniors 31st"]
[Site "Arvier"]
[Date "2009.04.27"]
[Round "4"]
[White "Moretti, Mario"]
[Black "Cerusico, Carlo"]
[Result "0-1"]
[WhiteElo "1500"]
[BlackElo "1436"]
[PlyCount "74"]
[EventDate "2009.04.24"]
[EventType "swiss"]
[EventRounds "9"]
[EventCountry "ITA"]
[SourceTitle "EXT 2011"]
[Source "ChessBase"]
[SourceDate "2010.11.26"]
[SourceVersion "1"]
[SourceVersionDate "2010.11.26"]
[SourceQuality "1"]

1. e4 e6 2. d4 d5 3. exd5 Qxd5 4. Nf3 a6 5. Bd3 Be7 6. 0-0 Qd8 7. a3 Nf6 8. h3 0-0 9. Be3 b6 10. Nc3 Bb7 11. Nh2 Nbd7 12. Bg5 Rc8 13. Bxf6 Nxf6 14. Ne2 Bd6 15. Nf3 Re8 16. Nd2 c5 17. c3 cxd4 18. Nxd4 Bb8 19. N2f3 e5 20. Bf5 Rc5 21. Nb3 Rd5 22. Qc2 e4 23. Nfd4 Qc7 24. g3 a5 25. a4 Ba6 26. Rfe1 Bd3 27. Qd2 g6 28. Qg5 Qd6 29. Nc1 Rde5 30. Nxd3 exd3 31. Rxe5 Qxe5 32. Rd1 Ne4 33. Qg4 Nf6 34. Qg5 Kh8 35. Rxd3 gxf5 36. Re3 Ne4 37. Nxf5 Nxg5 0-1

[Event "ITA-ch Seniors 31st"]
[Site "Arvier"]
[Date "2009.04.26"]
[Round "3"]
[White "Cerusico, Carlo"]
[Black "Facchini, Roberto"]
[Result "0-1"]
[WhiteElo "1436"]
[BlackElo "1600"]
[PlyCount "76"]
[EventDate "2009.04.24"]
[EventType "swiss"]
[EventRounds "9"]
[EventCountry "ITA"]
[SourceTitle "EXT 2011"]
[Source "ChessBase"]
[SourceDate "2010.11.26"]
[SourceVersion "1"]
[SourceVersionDate "2010.11.26"]
[SourceQuality "1"]

1. d4 Nf6 2. Nf3 g6 3. e3 Bg7 4. Bd3 d6 5. Nbd2 0-0 6. 0-0 Bg4 7. h3 Bxf3 8. Nxf3 Nbd7 9. Re1 c5 10. c3 a6 11. e4 cxd4 12. cxd4 Rc8 13. Be3 Qa5 14. Bd2 Qd8 15. Qe2 Ne8 16. Rac1 Nef6 17. Rxc8 Qxc8 18. Rc1 Qb8 19. Bf4 Nh5 20. Be3 Rc8 21. Qd2 Rxc1+ 22. Qxc1 Nhf6 23. b3 Ne8 24. d5 Qc7 25. Qxc7 Nxc7 26. Nd2 b5 27. f4 Nc5 28. Bc2 Kf8 29. g4 Ke8 30. e5 Nxd5 31. Bxc5 dxc5 32. Ne4 c4 33. bxc4 bxc4 34. Ba4+ Kf8 35. e6 Nxf4 36. exf7 Kxf7 37. Ng5+ Kg8 38. Be8 h6 0-1

[Event "ITA-ch Seniors 31st"]
[Site "Arvier"]
[Date "2009.04.25"]
[Round "2"]
[White "D'Aulisa, Francesco"]
[Black "Cerusico, Carlo"]
[Result "1-0"]
[WhiteElo "1755"]
[BlackElo "1436"]
[PlyCount "69"]
[EventDate "2009.04.24"]
[EventType "swiss"]
[EventRounds "9"]
[EventCountry "ITA"]
[SourceTitle "EXT 2011"]
[Source "ChessBase"]
[SourceDate "2010.11.26"]
[SourceVersion "1"]
[SourceVersionDate "2010.11.26"]
[SourceQuality "1"]

1. e4 e6 2. Nf3 d5 3. exd5 exd5 4. d4 Be7 5. Ne5 Nf6 6. Bd3 c6 7. 0-0 0-0 8. c4 Be6 9. c5 Nbd7 10. f4 Bg4 11. Nxg4 Nxg4 12. Qxg4 Nf6 13. Qf3 Re8 14. Re1 b6 15. b4 bxc5 16. dxc5 a5 17. Bd2 axb4 18. Bxb4 Bf8 19. Rxe8 Qxe8 20. Nd2 Ra7 21. Nb3 Re7 22. Nd4 Re3 23. Qf1 h6 24. Nf5 Re6 25. Kh1 Ng4 26. h3 Nf6 27. Qf2 g6 28. Nd6 Qb8 29. Rb1 Qa7 30. f5 gxf5 31. Nxf5 Nd7 32. Qg3+ Kh8 33. Bc3+ f6 34. Qg6 Ne5 35. Bxe5 1-0

[Event "Ceriano Laghetto op-C 17th"]
[Site "Ceriano Laghetto"]
[Date "2008.03.29"]
[Round "2"]
[White "Cerusico, Carlo"]
[Black "Moroni, Luca Jr"]
[Result "1-0"]
[WhiteElo "1385"]
[BlackElo "1461"]
[PlyCount "69"]
[EventDate "2008.03.28"]
[EventType "swiss"]
[EventRounds "5"]
[EventCountry "ITA"]
[SourceTitle "EXT 2011"]
[Source "ChessBase"]
[SourceDate "2010.11.26"]
[SourceVersion "1"]
[SourceVersionDate "2010.11.26"]
[SourceQuality "1"]

1. d4 d5 2. Nf3 Bf5 3. e3 Nc6 4. c3 Nf6 5. Be2 e6 6. Nbd2 Bd6 7. 0-0 0-0 8. Nh4 Ne7 9. Nxf5 Nxf5 10. Nf3 c5 11. Bd3 Nh6 12. Re1 c4 13. Bc2 Re8 14. e4 dxe4 15. Bxe4 Qc7 16. Bxh6 gxh6 17. Ne5 Bxe5 18. dxe5 Nxe4 19. Rxe4 Rad8 20. Qg4+ Kh8 21. Qh4 Rd2 22. Qf6+ Kg8 23. Rg4+ Kf8 24. Qxh6+ Ke7 25. Qxd2 Qxe5 26. Qg5+ Qxg5 27. Rxg5 Kf6 28. Rc5 Rd8 29. Rxc4 Rd2 30. b3 b5 31. Rc7 Rd3 32. c4 Rc3 33. Rxa7 bxc4 34. bxc4 Rxc4 35. a4 1-0

[Event "Porto Sant Elpidio op 8th"]
[Site "Porto Sant Elpidio"]
[Date "2005.11.27"]
[Round "5"]
[White "Di Martino, Antonio"]
[Black "Cerusico, Carlo"]
[Result "1-0"]
[WhiteElo "2015"]
[BlackElo "1466"]
[PlyCount "47"]
[EventDate "2005.11.19"]
[EventType "swiss"]
[EventRounds "5"]
[EventCountry "ITA"]
[SourceTitle "EXT 2007"]
[Source "ChessBase"]
[SourceDate "2006.11.23"]
[SourceVersion "1"]
[SourceVersionDate "2006.11.23"]
[SourceQuality "1"]

1. e4 e6 2. d4 d5 3. Nd2 Nf6 4. e5 Nfd7 5. f4 c5 6. c3 cxd4 7. cxd4 Nc6 8. Ndf3 Be7 9. Bd3 0-0 10. Ne2 f6 11. 0-0 fxe5 12. fxe5 a6 13. a3 b5 14. Qc2 g6 15. Qxc6 Nb6 16. Bh6 Bd7 17. Qc1 Rc8 18. Qd2 Rf7 19. Ng5 Rxf1+ 20. Rxf1 Bxg5 21. Bxg5 Qc7 22. Qf4 Bc6 23. Qf6 Re8 24. Bh6 1-0

[Event "Porto Sant Elpidio op 8th"]
[Site "Porto Sant Elpidio"]
[Date "2005.11.20"]
[Round "3"]
[White "Cerusico, Carlo"]
[Black "Faini, Ivano"]
[Result "1/2-1/2"]
[WhiteElo "1466"]
[BlackElo "1822"]
[PlyCount "73"]
[EventDate "2005.11.19"]
[EventType "swiss"]
[EventRounds "5"]
[EventCountry "ITA"]
[SourceTitle "EXT 2007"]
[Source "ChessBase"]
[SourceDate "2006.11.23"]
[SourceVersion "1"]
[SourceVersionDate "2006.11.23"]
[SourceQuality "1"]

1. d4 e5 2. e3 exd4 3. exd4 d5 4. Nf3 c6 5. Bd3 Bg4 6. 0-0 Be7 7. Re1 Nf6 8. Bf4 0-0 9. h3 Bh5 10. Nbd2 Bd6 11. Bg5 h6 12. Bh4 Nbd7 13. c3 Qc7 14. Qc2 Rfe8 15. g4 Bxg4 16. hxg4 Nxg4 17. Nf1 g5 18. Bg3 Ngf6 19. Bxd6 Qxd6 20. Bf5 Qf4 21. N1h2 g4 22. Bxd7 gxf3 23. Rxe8+ Rxe8 24. Qf5 Re4 25. Qxf4 Rxf4 26. Bh3 h5 27. Re1 Ng4 28. Re7 f5 29. Re1 Kf7 30. Bf1 Kf6 31. Bd3 h4 32. b3 Kg5 33. Bc2 Kf6 34. Bd1 Nxh2 35. Kxh2 Rg4 36. Bxf3 Rf4 37. Re3 1/2-1/2

[Event "Porto Sant Elpidio op 8th"]
[Site "Porto Sant Elpidio"]
[Date "2005.11.20"]
[Round "2"]
[White "Fioravanti, Diego"]
[Black "Cerusico, Carlo"]
[Result "1-0"]
[WhiteElo "2152"]
[BlackElo "1466"]
[PlyCount "85"]
[EventDate "2005.11.19"]
[EventType "swiss"]
[EventRounds "5"]
[EventCountry "ITA"]
[SourceTitle "EXT 2007"]
[Source "ChessBase"]
[SourceDate "2006.11.23"]
[SourceVersion "1"]
[SourceVersionDate "2006.11.23"]
[SourceQuality "1"]

1. e4 e6 2. d4 d5 3. Nd2 c5 4. exd5 Qxd5 5. Ngf3 cxd4 6. Bc4 Qd8 7. 0-0 Nc6 8. Nb3 a6 9. Nbxd4 Nge7 10. Re1 Qc7 11. b3 Nxd4 12. Nxd4 Ng6 13. Bb2 b5 14. Bd5 Bb7 15. Bxe6 Bd6 16. Bd5+ Ne7 17. Bxb7 Qxb7 18. Nf5 Bc5 19. Qd6 0-0 20. Nxe7+ Kh8 21. Qh6 f6 22. Ng6+ Kg8 23. Qh5 hxg6 24. Qxc5 Rac8 25. Qe3 Rxc2 26. Bd4 Rcc8 27. h3 Rfe8 28. Qf3 Rxe1+ 29. Rxe1 Qxf3 30. gxf3 b4 31. Re2 Kf7 32. Kg2 g5 33. Kg3 f5 34. f4 gxf4+ 35. Kxf4 Rh8 36. Re3 Rh4+ 37. Ke5 f4 38. Rd3 g6 39. Bb6 g5 40. Ba5 g4 41. hxg4 Rxg4 42. Bxb4 Kg6 43. Rd6+ 1-0

[Event "Porto Sant Elpidio op 8th"]
[Site "Porto Sant Elpidio"]
[Date "2005.11.19"]
[Round "1"]
[White "Cerusico, Carlo"]
[Black "Di Donatantonio, Franco"]
[Result "0-1"]
[WhiteElo "1466"]
[BlackElo "2027"]
[PlyCount "62"]
[EventDate "2005.11.19"]
[EventType "swiss"]
[EventRounds "5"]
[EventCountry "ITA"]
[SourceTitle "EXT 2007"]
[Source "ChessBase"]
[SourceDate "2006.11.23"]
[SourceVersion "1"]
[SourceVersionDate "2006.11.23"]
[SourceQuality "1"]

1. d4 c5 2. e3 Nf6 3. Nf3 b6 4. Nbd2 Bb7 5. Bd3 g6 6. 0-0 Bg7 7. Re1 Nc6 8. c3 0-0 9. e4 e6 10. Nc4 d5 11. exd5 Nxd5 12. Nce5 cxd4 13. Nxc6 Bxc6 14. Nxd4 Bb7 15. Nf3 h6 16. a3 Qc7 17. c4 Nf4 18. Bxf4 Qxf4 19. Rb1 Rfd8 20. Qe2 Rac8 21. Nd2 Qd4 22. Be4 Bxe4 23. Nxe4 Qxc4 24. Qxc4 Rxc4 25. b3 Rc2 26. Rbc1 Rxc1 27. Rxc1 Bb2 28. Rb1 Bxa3 29. g3 Bb4 30. f4 f5 31. Nf2 Rd2 0-1

[Event "Porto Sant Elpidio op-B 6th"]
[Site "Porto Sant Elpidio"]
[Date "2003.11.16"]
[Round "3"]
[White "Trancanelli, Claudio"]
[Black "Cerusico, Carlo"]
[Result "1-0"]
[WhiteElo "1614"]
[BlackElo "1429"]
[PlyCount "55"]
[EventDate "2003.11.15"]
[EventType "swiss"]
[EventRounds "6"]
[EventCountry "ITA"]
[SourceTitle "EXT 2024"]
[Source "ChessBase"]
[SourceDate "2023.10.10"]
[SourceVersion "1"]
[SourceVersionDate "2023.10.10"]
[SourceQuality "1"]

1. e4 e6 2. d4 d5 3. Nc3 dxe4 4. Nxe4 Nd7 5. Nf3 Ngf6 6. Bg5 Be7 7. Nxf6+ Nxf6 8. Bd3 a6 9. c3 Bd7 10. 0-0 Bc6 11. Ne5 Be4 12. Bxf6 Bxd3 13. Bxe7 Qxe7 14. Nxd3 0-0-0 15. Re1 g5 16. Qb3 Rd6 17. Nc5 Rb6 18. Qc2 h5 19. b4 g4 20. d5 Rh6 21. dxe6 fxe6 22. Re5 Rd6 23. Qe4 c6 24. Re1 Kb8 25. Qe3 Rg6 26. Nxe6 Qf7 27. Nf4 Rgf6 28. Re8+ 1-0

[Event "Porto Sant Elpidio op-B 5th"]
[Site "Porto Sant Elpidio"]
[Date "2002.11.03"]
[Round "3"]
[White "Cerusico, Carlo"]
[Black "Gasparroni, Riccardo"]
[Result "0-1"]
[WhiteElo "1404"]
[BlackElo "1632"]
[PlyCount "64"]
[EventDate "2002.11.02"]
[EventType "swiss"]
[EventRounds "6"]
[EventCountry "ITA"]
[SourceTitle "EXT 2024"]
[Source "ChessBase"]
[SourceDate "2023.10.10"]
[SourceVersion "1"]
[SourceVersionDate "2023.10.10"]
[SourceQuality "1"]

1. d4 d5 2. Nf3 Nf6 3. e3 c6 4. Bd3 e6 5. 0-0 Nbd7 6. Nbd2 Bd6 7. Re1 0-0 8. e4 dxe4 9. Nxe4 Nxe4 10. Bxe4 Nf6 11. Bg5 h6 12. Bh4 Be7 13. Bd3 Qb6 14. Rb1 c5 15. d5 Nxd5 16. Bxe7 Nxe7 17. h4 Rd8 18. c4 Qd6 19. Be2 Qc7 20. Qc2 b6 21. Bf1 Bb7 22. Ne5 Nc6 23. Nf3 Nd4 24. Nxd4 Rxd4 25. g3 Qc6 26. f3 Qxf3 27. Bg2 Qxg3 28. Re2 Rxh4 29. Kf1 Rf4+ 30. Kg1 Rd8 31. Rbe1 Bxg2 32. Rxg2 Qxe1+ 0-1

[Event "Castelfidardo op 4th"]
[Site "Castelfidardo"]
[Date "2000.12.03"]
[Round "5"]
[White "Cerusico, Carlo"]
[Black "Possanzini, Lorenzo"]
[Result "1/2-1/2"]
[WhiteElo "1431"]
[BlackElo "1516"]
[PlyCount "43"]
[EventDate "2000.11.25"]
[EventType "swiss"]
[EventRounds "6"]
[EventCountry "ITA"]
[SourceTitle "EXT 2008"]
[Source "ChessBase"]
[SourceDate "2007.11.25"]
[SourceVersion "1"]
[SourceVersionDate "2007.11.25"]
[SourceQuality "1"]

1. d4 c5 2. d5 Nf6 3. c4 g6 4. Nc3 d6 5. Nf3 Bg7 6. Bd2 h6 7. h3 g5 8. e4 Nfd7 9. Bd3 Ne5 10. Nxe5 Bxe5 11. 0-0 Nd7 12. Be2 Nf6 13. f4 Bd4+ 14. Kh2 gxf4 15. Bxf4 Bxc3 16. bxc3 Nxe4 17. Bh5 Nf6 18. Qf3 Kd7 19. Bxf7 Kc7 20. Rae1 Rf8 21. Be6 Bxe6 22. Rxe6 1/2-1/2